| 000 | 00432nmm a2200157Ia 4500 | ||
|---|---|---|---|
| 008 | 251105s9999||||xx |||||||||||||||||und|| | ||
| 041 | _aspa | ||
| 100 | _aHarmel, Kristin | ||
| 245 | 0 | _aEl arte de besar en la boca | |
| 264 |
_a[Madrid, España] : _bLa Factoría de Ideas, _c2012 |
||
| 300 | _a288 páginas | ||
| 490 | _aPandora | ||
| 650 | _aRomance | ||
| 856 | _uhttps://public.digitaliapublishing.com/a/25370 | ||
| 942 | _cCF | ||
| 999 |
_c100389 _d100389 |
||